000 00304nam a22001337a 4500
008 170505b xxu||||| |||| 00| 0 eng d
020 _a2900495097050
041 _aeng
080 _24TH
_a34
100 _a15
101 _aSHJ
245 _aAMERICAN CONSTITUTIONAL LAW
_cSTEPHENS, O.H
942 _2udc
_cBK
999 _c12737
_d12737